Čítanka pre 3. ročník špeciálnych základných škôl 2. časť

Bibliographic Details
Main Authors: Maňková, Veronika (Author), Demianičová, Anna (Author)
Other Authors: Vojtková, Zdena, 1946- (Illustrator)
Format: Book
Language:Slovak
PhysicalDescription:56 s. fareb. ilustr. 30 cm
Published: Bratislava Slovenské pedagogické nakladateľstvo - Mladé letá 2014
ISBN:9788010027316
Edition:8. vyd.
Subjects:

MARC

LEADER 00000cam a2200000 a 4500
001 vtls010616358
003 SK-MaSNL
005 20260301034932.0
008 240318s2014 xo a b 000 0 slo
015 |a SNBA2014/10 
020 |a 9788010027316  |q (brož.) 
035 |a 92FF4301-7285-4D1A-8CF9-ECDB3A86AECD 
035 |a urn:nbn:sk:snk-amk2kr 
035 |a urn:nbn:sk:snk-am005ed9 
040 |a SNK  |b slo  |c SNK  |e AACR2 
041 0 |a slo 
044 |a xo  |c SK 
072 7 |a 82  |x Literatúra. Literárny život  |2 konspekt 
072 7 |a 373.2/.3  |x Predškolská a primárna výchova a vzdelávanie  |2 konspekt 
080 |a 37.016:82  |2 2001 
080 |a (075.2)  |2 2001 
100 1 |a Maňková, Veronika  |4 aut  |9 21466 
245 1 0 |a Čítanka pre 3. ročník špeciálnych základných škôl  |n 2. časť  |c [ autorky: Veronika Maňková, Anna Demianičová ; ilustrácie Zdena Vojtková] 
250 |a 8. vyd. 
260 |a Bratislava  |b Slovenské pedagogické nakladateľstvo - Mladé letá  |c 2014 
300 |a 56 s.  |b fareb. ilustr.  |c 30 cm 
650 0 7 |a literárna výchova  |2 SNKPH  |9 1653 
650 0 7 |a Literary education  |2 SNKPHeng  |9 274096 
655 7 |a učebnice špeciálnych základných škôl  |2 SNKPH  |9 70204 
655 7 |a čítanky  |2 SNKPH  |9 60817 
655 7 |a Textbooks (elementary specialis)  |2 SNKPHeng  |9 325828 
655 7 |a Readers  |2 SNKPHeng  |9 300493 
700 1 |a Demianičová, Anna  |4 aut  |9 43383 
700 1 |a Vojtková, Zdena,  |d 1946-  |4 ill  |9 167693 
852 |a Štátna vedecká knižnica v Banskej Bystrici 
919 |a 978-80-10-02731-6 
999 |c 582894  |d 584824 
952 |a SNK  |b SNK  |y PREZ  |7 0  |p 17A1115914  |o snkSB 87152/2  |i snk2014/19349  |8 0  |0 0  |1 0  |4 0  |d 2014-09-22  |f 1  |l 0  |r 2025-05-07 00:00:00  |w 2026-02-23 
952 |a SNK  |b SNK  |y VYP  |7 0  |p 17A1115915  |o snkSB 87152/2 D1  |i snk2014/19351  |8 0  |0 0  |1 0  |4 0  |d 2014-09-22  |l 0  |r 2016-06-30 00:00:00  |w 2026-02-23